• 首页
  • 本馆介绍
  • 公告通知
  • 最新文献
  • 馆藏检索
  • 电子资源
  • 读者导购
  • 参考咨询
  • 我的图书馆
  • 登录
  • 详细信息显示
  • 放入我的书架
  • 预约/预借图书
  • 作者相关作品
  • 分类相关作品
  • 丛书相关作品
  • 出版社相关作品

书目信息

  • 表格格式
  • 工作单格式
  • 卡片格式
题名:
儿童行为障碍个案集
    
 
作者: 卡尼 著 ;孟宪璋 , 冼漪涟 译
分册:  
出版信息: 广州   暨南大学出版社  2004
页数: 235页
开本: 23cm
丛书名: 儿童心理健康系列
单 册:
中图分类: B844.1 , R749.94
科图分类:
主题词: 儿童--行为治疗--案例 , 小儿疾病--精神障碍--防治
电子资源:
ISBN: 7-81079-337-3
000 01160oam2 2200313 450
001 1531809431
005 20150203164243.56
010    @a7-81079-337-3@dCNY18.00
100    @a20040324d2004 em y0chiy50 ea
101 1  @achi@ceng
102    @aCN@b440000
105    @ay z 000yy
200 1  @a儿童行为障碍个案集@9er tong xing wei zhang ai ge an ji@f(美)Christopher A. Kearney著@g孟宪璋,冼漪涟译
210    @a广州@c暨南大学出版社@d2004
215    @a235页@d23cm
225 2  @a儿童心理健康系列
305    @a汤姆森学习出版集团授权出版,据原书第二版译出
330    @a该书通过15个深度案例,描绘了童年障碍的复杂性。从案例的呈现到案例的诊断与治疗--对每种障碍的表达进行了示范,揭示了行为障碍给儿童及其家庭所带来的痛苦和破坏。
461  0 @12001 @a儿童心理健康系列
510 1  @aCasebook in Child Behavior Disorders@zeng
606 0  @a儿童@x行为治疗@x案例
606 0  @a小儿疾病@x精神障碍@x防治
690    @aB844.1@v5
690    @aR749.94@v5
701  0 @c(美)@a卡尼@9ka ni@c(Kearney, Christopher A.)@4著
702  0 @a孟宪璋@9meng xian zhang@4译
702  0 @a冼漪涟@9xian yi lian@4译
801  0 @aCN@bTSSF@c20150203
905    @aZUCC@dB844.1@eJY22
    
    儿童行为障碍个案集/(美)Christopher A. Kearney著/孟宪璋,冼漪涟译.-广州:暨南大学出版社,2004
    235页;23cm.-(儿童心理健康系列)
    
    
    ISBN 7-81079-337-3:CNY18.00
    该书通过15个深度案例,描绘了童年障碍的复杂性。从案例的呈现到案例的诊断与治疗--对每种障碍的表达进行了示范,揭示了行为障碍给儿童及其家庭所带来的痛苦和破坏。
●
相关链接 在E读中查询图书 在五车中查询图书 在当当中查询图书 在豆瓣中查询图书


正题名:儿童行为障碍个案集     索取号:B844.1/JY22         预约/预借

序号 登录号 条形码 馆藏地/架位号 状态 备注
1 7845139   278451391   学院路分馆/ [索取号:B844.1/JY22] 在馆    
2 7865350   278653501   学院路分馆/ [索取号:B844.1/JY22] 在馆    
唐山师范学院图书馆 欢迎您!
大连网信软件有限公司© 版权所有